| 000 | 01991nam a2200397 c 4500 | ||
|---|---|---|---|
| 003 | BLK | ||
| 005 | 20191019104529.0 | ||
| 008 | 180409b bul|||||r ||||||| ||bul|| | ||
| 010 | _aKNG00106928000 | ||
| 040 | _aBLK | ||
| 041 |
_aBUL _cBUL |
||
| 072 | 7 |
_2bullib _aЛ0101 _xБилколечение. Природолечение. Народна медицина |
|
| 080 |
_aПриложна ботаника. Икономическа ботаника. Диворастящи лекарствени растения и др. _b581.6 _x(035) _z581.6(035) |
||
| 080 |
_aВещества от естествен произход и тяхните смеси. Лекарствени суровини. Фармакогнозия. Вещества от животински и минерален произход. Минерални води _b615.32 _x(035) _z615.32(035) |
||
| 100 | 1 |
_aПамуков, Димитър Петров _eпърви автор _9252869 |
|
| 700 | 1 |
_aАхтарджиев, Христо Захариев _eсъавт. _9374814 |
|
| 139 |
_aПамуков, Димитър Петров и др. _bП 16 |
||
| 245 | 1 | 0 |
_aПриродна аптека _cДимитър Петров Памуков; съавт. Христо Захариев Ахтарджиев. |
| 257 | _aBGR | ||
| 260 |
_аСофия _bЗемиздат _c1981 |
||
| 300 |
_a272 с. _bс ил., табл. _c24 см |
||
| 380 | _a5 | ||
| 500 | _a112 120 тир. - Библиогр. с. 270-271. - Показалци. | ||
| 504 | _a270-271 | ||
| 650 | 4 |
_aМедицински растения - наръчници и ръководства _9251135 |
|
| 650 | 4 |
_aФитотерапия - наръчници и ръководства _9251134 |
|
| 653 | _aфитотерапия | ||
| 653 | _aмедицински растения | ||
| 653 | _aбилки | ||
| 659 | _aЛ | ||
| 852 | _aЦб 111874 | ||
| 856 | 4 |
_qpdf _u |
|
| 856 | 4 |
_qpdf _u |
|
| 942 |
_cKNG _n0 _03 |
||
| 944 |
_aCR _c07.07.2003 _kИрена_Линкова |
||
| 944 |
_aED _c02.10.2012 _k |
||
| 999 |
_c101872 _d101872 |
||